000 00439nam a2200181Ia 4500
001 12850
005 20260306163011.0
008 260306t2012||||xx |||||||||||||| ||spa||
041 _aESP
082 _aRD 353.1
_bA136
100 _aAgozino, Adalberto
_eAUT
245 0 _aDiccionario enciclopédico de seguridad
260 _c2012
300 _a513 páginas :
_c22 cm.
650 _aGEN
654 _aCHU
942 _cDIC
_dJUS
_fJUS
_2ddc
_n
999 _c12850
_d12850